000 00235nam a2200097Ia 4500
008 230508s1994 xx 000 0 und d
041 _aeng
100 _aPAUL COMPBEL
245 _aBASIC FIXTURE DESIGN
260 _bINDUSTRIAL PRESS
_c1994
999 _c337359
_d337359